| 000 | 00950cam a22002175a 4500 | ||
|---|---|---|---|
| 001 | L140701 | ||
| 008 | 071005s1936 xxk eng u | ||
| 035 | _a(Sirsi) u140701 | ||
| 041 | 0 | _aeng | |
| 110 | 2 |
_aWalker, Walton and Hanson _95375 |
|
| 245 | 0 | 2 |
_aParticulars of sale _ba substantial freehold country residence 'Cloverlands' Kimberley, near Nottingham, a valuable freehold mixed farm Knowle Park Farm, Kimberley and a freehold ground rent, Nottingham to be sold by auction at the Black Boy Hotel, Nottingham on Wednesday 22nd July 1936... |
| 260 |
_aS.l. _bs.n. _c[1936] _e(Nottingham _fWalter Black and Co.) |
||
| 300 |
_a1 v. _bill., col. map _c32 cm. |
||
| 340 | _aPrinted | ||
| 351 | _cSingle item | ||
| 500 | _aIncludes plans of Cloverlands and Knowle Park Farm | ||
| 500 | _aTitle from cover. | ||
| 651 | 4 | _aNottinghamshire | |
| 690 | _aPROPERTY-PROPERTY ACQUISITION AND DISPOSAL-ACQUISITION AND DISPOSAL AT AUCTION | ||
| 942 | _n0 | ||
| 999 |
_c116436 _d116436 |
||